عرض عادي
عرض مارك
- Friedman, Arthur D.
مدخل إسم شخص
001 - رقم الضبط
- حقل الضبط: 39466
003 - معرف رقم الضبط
- حقل الضبط: OSt
005 - تاريخ ووقت أخر عملية
- حقل الضبط: 20131112155525.0
008 - عناصر بيانات ثابتة الطول
- حقل تحكم ثابت الطول: 131112|||a|||||| | ||| d
040 ## - مصدر الفهرسة
- هيئة الفهرسة الأصلية: OSt
- وكالة الكتابة: OSt
100 ## - مدخل -- أسم شخص
- إسم شخص: Friedman, Arthur D.
670 ## - بيانات المصدر موجوده
- الاستشهاد بالمصدر: Work cat.: (OSt)0: Abramovici, Miron. 39462, Digital systems testing and testable design /, [1994], c1990.
